[Event "XXVII MISTRZOSTWA WOJEWÓDZTWA PODLASKIEGO JUNIOREK DO LAT 14 - D14"]
[Site "Białystok, Poland"]
[Date "2025.05.31"]
[Round "7.2"]
[White "Racis, Weronika"]
[Black "Barszczewska, Nadia"]
[Result "1-0"]
[WhiteElo "1771"]
[BlackElo "1429"]

1. d4 {[%clk 00:30:58]} {[%emt 00:00:01]} d5 {[%clk 00:30:47]} {[%emt
00:00:13]} 2. Nf3 {[%clk 00:31:23]} {[%emt 00:00:06]} Nf6 {[%clk 00:31:10]}
{[%emt 00:00:08]} 3. c4 {[%clk 00:31:48]} {[%emt 00:00:05]} e6 {[%clk
00:31:34]} {[%emt 00:00:06]} 4. Nc3 {[%clk 00:32:07]} {[%emt 00:00:10]} Bb4
{[%clk 00:31:57]} {[%emt 00:00:08]} 5. Bg5 {[%clk 00:31:52]} {[%emt 00:00:44]}
O-O {[%clk 00:32:04]} {[%emt 00:00:24]} 6. e3 {[%clk 00:32:15]} {[%emt
00:00:07]} c6 {[%clk 00:32:18]} {[%emt 00:00:15]} 7. cxd5 {[%clk 00:31:18]}
{[%emt 00:01:28]} exd5 {[%clk 00:32:19]} {[%emt 00:00:29]} 8. Qc2 {[%clk
00:31:10]} {[%emt 00:00:34]} Bxc3+ {[%clk 00:32:35]} {[%emt 00:00:17]} 9. bxc3
{[%clk 00:30:45]} {[%emt 00:00:56]} h6 {[%clk 00:32:50]} {[%emt 00:00:15]} 10.
Bh4 {[%clk 00:30:52]} {[%emt 00:00:22]} Bg4 {[%clk 00:32:30]} {[%emt 00:00:50]}
11. Ne5 {[%clk 00:31:02]} {[%emt 00:00:19]} Be6 {[%clk 00:31:59]} {[%emt
00:01:03]} 12. Rb1 {[%clk 00:29:43]} {[%emt 00:01:49]} b6 {[%clk 00:31:00]}
{[%emt 00:01:29]} 13. Bd3 {[%clk 00:27:05]} {[%emt 00:03:06]} c5 {[%clk
00:30:51]} {[%emt 00:00:41]} 14. O-O {[%clk 00:26:55]} {[%emt 00:00:40]} c4
{[%clk 00:31:06]} {[%emt 00:00:14]} 15. Bh7+ {[%clk 00:24:56]} {[%emt
00:02:28]} Kh8 {[%clk 00:31:08]} {[%emt 00:00:29]} 16. Bf5 {[%clk 00:25:24]}
{[%emt 00:00:03]} Nbd7 {[%clk 00:29:50]} {[%emt 00:01:47]} 17. Bxe6 {[%clk
00:25:10]} {[%emt 00:00:44]} fxe6 {[%clk 00:29:52]} {[%emt 00:00:28]} 18. Ng6+
{[%clk 00:25:34]} {[%emt 00:00:06]} Kg8 {[%clk 00:30:08]} {[%emt 00:00:13]} 19.
Nxf8 {[%clk 00:25:54]} {[%emt 00:00:11]} Qxf8 {[%clk 00:29:35]} {[%emt
00:01:03]} 20. Bxf6 {[%clk 00:25:28]} {[%emt 00:00:56]} Nxf6 {[%clk 00:29:40]}
{[%emt 00:00:25]} 21. f3 {[%clk 00:25:28]} {[%emt 00:00:29]} Qf7 {[%clk
00:29:51]} {[%emt 00:00:18]} 22. Qa4 {[%clk 00:24:57]} {[%emt 00:01:02]} Qe8
{[%clk 00:29:32]} {[%emt 00:00:41]} 23. Qa6 {[%clk 00:24:36]} {[%emt 00:00:58]}
Qc8 {[%clk 00:29:41]} {[%emt 00:00:22]} 24. Qa3 {[%clk 00:24:35]} {[%emt
00:00:32]} Qf8 {[%clk 00:29:58]} {[%emt 00:00:12]} 25. Qa4 {[%clk 00:24:19]}
{[%emt 00:00:48]} Qe8 {[%clk 00:30:15]} {[%emt 00:00:12]} 26. Qc2 {[%clk
00:24:47]} {[%emt 00:00:02]} b5 {[%clk 00:30:25]} {[%emt 00:00:20]} 27. e4
{[%clk 00:23:49]} {[%emt 00:01:27]} dxe4 {[%clk 00:30:37]} {[%emt 00:00:19]} 28.
fxe4 {[%clk 00:24:09]} {[%emt 00:00:09]} a5 {[%clk 00:30:50]} {[%emt 00:00:18]}
29. a3 {[%clk 00:18:59]} {[%emt 00:05:39]} Qc6 {[%clk 00:30:05]} {[%emt
00:01:16]} 30. e5 {[%clk 00:18:26]} {[%emt 00:01:03]} Nd5 {[%clk 00:30:03]}
{[%emt 00:00:32]} 31. Qg6 {[%clk 00:16:34]} {[%emt 00:02:21]} Rf8 {[%clk
00:29:58]} {[%emt 00:00:31]} 32. Rxf8+ {[%clk 00:16:49]} {[%emt 00:00:21]} Kxf8
{[%clk 00:30:17]} {[%emt 00:00:10]} 33. Rf1+ {[%clk 00:17:07]} {[%emt
00:00:11]} Ke7 {[%clk 00:29:22]} {[%emt 00:01:25]} 34. Qxg7+ {[%clk 00:17:02]}
{[%emt 00:00:36]} Kd8 {[%clk 00:29:38]} {[%emt 00:00:14]} 35. Rf8+ {[%clk
00:17:21]} {[%emt 00:00:10]} Qe8 {[%clk 00:30:02]} {[%emt 00:00:06]} 36. Rxe8+
{[%clk 00:17:35]} {[%emt 00:00:17]} Kxe8 {[%clk 00:30:27]} {[%emt 00:00:04]} 37.
Qg8+ {[%clk 00:17:39]} {[%emt 00:00:26]} Kd7 {[%clk 00:30:46]} {[%emt
00:00:10]} 38. Qf7+ {[%clk 00:17:59]} {[%emt 00:00:10]} Ne7 {[%clk 00:31:05]}
{[%emt 00:00:12]} 39. Kf2 {[%clk 00:18:03]} {[%emt 00:00:27]} a4 {[%clk
00:31:29]} {[%emt 00:00:06]} 40. Ke2 {[%clk 00:18:16]} {[%emt 00:00:15]} h5
{[%clk 00:31:53]} {[%emt 00:00:07]} 41. h4 {[%clk 00:18:41]} {[%emt 00:00:06]}
Kd8 {[%clk 00:32:14]} {[%emt 00:00:09]} 42. Qxe6 {[%clk 00:18:51]} {[%emt
00:00:20]} Ke8 {[%clk 00:32:23]} {[%emt 00:00:21]} 43. d5 {[%clk 00:19:06]}
{[%emt 00:00:13]} Kd8 {[%clk 00:32:48]} {[%emt 00:00:06]} 44. d6 {[%clk
00:19:19]} {[%emt 00:00:17]} Nc6 {[%clk 00:33:04]} {[%emt 00:00:15]} 45. d7
{[%clk 00:19:11]} {[%emt 00:00:37]} Kc7 {[%clk 00:33:28]} {[%emt 00:00:07]} 46.
Qd6+ {[%clk 00:19:26]} {[%emt 00:00:13]} Kd8 {[%clk 00:33:46]} {[%emt
00:00:13]} 47. Qxc6 {[%clk 00:19:46]} {[%emt 00:00:12]} b4 {[%clk 00:34:08]}
{[%emt 00:00:07]} 48. Qc8+ {[%clk 00:20:08]} {[%emt 00:00:07]} Ke7 {[%clk
00:34:34]} {[%emt 00:00:05]} 49. d8=Q+ {[%clk 00:20:21]} {[%emt 00:00:17]} Kf7
{[%clk 00:35:00]} {[%emt 00:00:05]} 50. Qf6# {[%clk 00:19:51]} {[%emt
00:00:59]} 1-0

[Event "XXVII MISTRZOSTWA WOJEWÓDZTWA PODLASKIEGO JUNIOREK DO LAT 14 - D14"]
[Site "Białystok, Poland"]
[Date "2025.05.31"]
[Round "7.3"]
[White "Wasilewska, Natalia"]
[Black "Kaczan, Anna"]
[Result "0-1"]
[WhiteElo "1403"]
[BlackElo "1494"]

1. e4 {[%clk 00:30:57]} {[%emt 00:00:03]} c5 {[%clk 00:30:55]} {[%emt
00:00:05]} 2. Nf3 {[%clk 00:31:14]} {[%emt 00:00:13]} d6 {[%clk 00:31:17]}
{[%emt 00:00:08]} 3. Nc3 {[%clk 00:31:21]} {[%emt 00:00:23]} Nf6 {[%clk
00:31:32]} {[%emt 00:00:15]} 4. h3 {[%clk 00:31:26]} {[%emt 00:00:25]} a6
{[%clk 00:31:49]} {[%emt 00:00:13]} 5. d4 {[%clk 00:30:51]} {[%emt 00:01:05]}
cxd4 {[%clk 00:32:14]} {[%emt 00:00:05]} 6. Nxd4 {[%clk 00:30:37]} {[%emt
00:00:43]} e5 {[%clk 00:32:10]} {[%emt 00:00:34]} 7. Nf3 {[%clk 00:30:26]}
{[%emt 00:00:41]} Be6 {[%clk 00:32:31]} {[%emt 00:00:09]} 8. Bg5 {[%clk
00:30:09]} {[%emt 00:00:48]} Be7 {[%clk 00:32:49]} {[%emt 00:00:11]} 9. Be2
{[%clk 00:29:20]} {[%emt 00:01:19]} Nbd7 {[%clk 00:32:56]} {[%emt 00:00:22]} 10.
O-O {[%clk 00:28:15]} {[%emt 00:01:36]} Qc7 {[%clk 00:33:01]} {[%emt 00:00:21]}
11. Bxf6 {[%clk 00:25:11]} {[%emt 00:03:37]} Bxf6 {[%clk 00:33:07]} {[%emt
00:00:24]} 12. Rc1 {[%clk 00:23:42]} {[%emt 00:01:58]} b5 {[%clk 00:30:59]}
{[%emt 00:02:37]} 13. Nd5 {[%clk 00:23:17]} {[%emt 00:00:56]} Bxd5 {[%clk
00:31:14]} {[%emt 00:00:16]} 14. Qxd5 {[%clk 00:23:34]} {[%emt 00:00:13]} O-O
{[%clk 00:31:01]} {[%emt 00:00:43]} 15. Rfd1 {[%clk 00:22:05]} {[%emt
00:01:59]} Be7 {[%clk 00:30:50]} {[%emt 00:00:39]} 16. c4 {[%clk 00:19:50]}
{[%emt 00:02:47]} Nb6 {[%clk 00:29:25]} {[%emt 00:01:54]} 17. Qd2 {[%clk
00:15:59]} {[%emt 00:04:22]} bxc4 {[%clk 00:27:44]} {[%emt 00:02:11]} 18. b3
{[%clk 00:15:41]} {[%emt 00:00:49]} Qb7 {[%clk 00:27:43]} {[%emt 00:00:29]} 19.
Bxc4 {[%clk 00:15:10]} {[%emt 00:01:01]} Qxe4 {[%clk 00:27:23]} {[%emt
00:00:51]} 20. Qa5 {[%clk 00:11:43]} {[%emt 00:03:56]} Nxc4 {[%clk 00:21:07]}
{[%emt 00:06:47]} 21. Rxc4 {[%clk 00:10:49]} {[%emt 00:01:23]} Qf5 {[%clk
00:20:25]} {[%emt 00:01:07]} 22. Rc6 {[%clk 00:08:36]} {[%emt 00:02:50]} Rfc8
{[%clk 00:19:25]} {[%emt 00:01:24]} 23. Rdc1 {[%clk 00:07:15]} {[%emt
00:01:56]} Rxc6 {[%clk 00:19:33]} {[%emt 00:00:22]} 24. Rxc6 {[%clk 00:07:37]}
{[%emt 00:00:08]} Qd3 {[%clk 00:17:07]} {[%emt 00:02:52]} 25. Qc7 {[%clk
00:06:16]} {[%emt 00:01:55]} Bf8 {[%clk 00:15:01]} {[%emt 00:02:35]} 26. Qb7
{[%clk 00:06:09]} {[%emt 00:00:39]} Rd8 {[%clk 00:14:45]} {[%emt 00:00:43]} 27.
Rxa6 {[%clk 00:03:57]} {[%emt 00:02:44]} Qf5 {[%clk 00:14:06]} {[%emt
00:01:03]} 28. Qd5 {[%clk 00:03:18]} {[%emt 00:01:15]} Rc8 {[%clk 00:13:15]}
{[%emt 00:01:20]} 29. Rc6 {[%clk 00:02:59]} {[%emt 00:00:50]} Rxc6 {[%clk
00:13:21]} {[%emt 00:00:23]} 30. Qxc6 {[%clk 00:03:22]} {[%emt 00:00:08]} Qb1+
{[%clk 00:13:43]} {[%emt 00:00:09]} 31. Kh2 {[%clk 00:03:41]} {[%emt 00:00:09]}
Qxa2 {[%clk 00:14:00]} {[%emt 00:00:14]} 32. b4 {[%clk 00:03:54]} {[%emt
00:00:18]} d5 {[%clk 00:10:33]} {[%emt 00:03:55]} 33. b5 {[%clk 00:03:34]}
{[%emt 00:00:52]} Qa7 {[%clk 00:09:39]} {[%emt 00:01:22]} 34. b6 {[%clk
00:02:14]} {[%emt 00:01:51]} Qb8 {[%clk 00:09:56]} {[%emt 00:00:11]} 35. Qc7
{[%clk 00:01:08]} {[%emt 00:01:38]} Bd6 {[%clk 00:09:35]} {[%emt 00:00:48]} 36.
Qa7 {[%clk 00:00:44]} {[%emt 00:00:57]} e4+ {[%clk 00:09:06]} {[%emt 00:00:59]}
37. g3 {[%clk 00:01:06]} {[%emt 00:00:08]} exf3 {[%clk 00:09:06]} {[%emt
00:00:30]} 38. Qa6 {[%clk 00:01:02]} {[%emt 00:00:35]} h6 {[%clk 00:08:07]}
{[%emt 00:01:26]} 39. b7 {[%clk 00:00:57]} {[%emt 00:00:37]} Bc7 {[%clk
00:07:32]} {[%emt 00:00:59]} 40. Qc6 {[%clk 00:00:59]} {[%emt 00:00:34]} d4
{[%clk 00:07:17]} {[%emt 00:00:45]} 41. Qxf3 {[%clk 00:01:22]} {[%emt
00:00:07]} d3 {[%clk 00:07:36]} {[%emt 00:00:06]} 42. Qxd3 {[%clk 00:01:17]}
{[%emt 00:00:40]} Qxb7 {[%clk 00:07:58]} {[%emt 00:00:09]} 43. Qe2 {[%clk
00:01:17]} {[%emt 00:00:29]} Qc8 {[%clk 00:07:39]} {[%emt 00:00:45]} 44. Kg2
{[%clk 00:01:22]} {[%emt 00:00:29]} Qe6 {[%clk 00:07:45]} {[%emt 00:00:21]} 45.
Qc2 {[%clk 00:01:15]} {[%emt 00:00:35]} Bb6 {[%clk 00:07:48]} {[%emt 00:00:31]}
46. Qb2 {[%clk 00:00:43]} {[%emt 00:01:04]} Qe4+ {[%clk 00:07:50]} {[%emt
00:00:25]} 47. Kh2 {[%clk 00:00:58]} {[%emt 00:00:15]} Qd4 {[%clk 00:07:34]}
{[%emt 00:00:45]} 48. Qxd4 {[%clk 00:01:16]} {[%emt 00:00:15]} Bxd4 {[%clk
00:08:00]} {[%emt 00:00:05]} 49. f4 {[%clk 00:01:18]} {[%emt 00:00:27]} g6
{[%clk 00:07:59]} {[%emt 00:00:30]} 50. h4 {[%clk 00:01:16]} {[%emt 00:00:33]}
Be3 {[%clk 00:08:09]} {[%emt 00:00:19]} 51. Kg2 {[%clk 00:01:28]} {[%emt
00:00:19]} Kg7 {[%clk 00:07:36]} {[%emt 00:01:02]} 52. Kf3 {[%clk 00:01:20]}
{[%emt 00:00:38]} Bc5 {[%clk 00:07:26]} {[%emt 00:00:39]} 53. g4 {[%clk
00:01:19]} {[%emt 00:00:32]} Be7 {[%clk 00:06:48]} {[%emt 00:01:07]} 54. h5
{[%clk 00:01:27]} {[%emt 00:00:23]} gxh5 {[%clk 00:06:05]} {[%emt 00:01:13]} 55.
gxh5 {[%clk 00:01:50]} {[%emt 00:00:08]} Kf6 {[%clk 00:05:22]} {[%emt
00:01:12]} 56. Kg4 {[%clk 00:01:50]} {[%emt 00:00:30]} Bd6 {[%clk 00:05:38]}
{[%emt 00:00:11]} 57. f5 {[%clk 00:01:48]} {[%emt 00:00:36]} Be5 {[%clk
00:05:58]} {[%emt 00:00:09]} 58. Kh4 {[%clk 00:01:43]} {[%emt 00:00:35]} Kxf5
{[%clk 00:06:21]} {[%emt 00:00:07]} 59. Kh3 {[%clk 00:02:03]} {[%emt 00:00:10]}
Kg5 {[%clk 00:06:46]} {[%emt 00:00:05]} 60. Kg2 {[%clk 00:02:28]} {[%emt
00:00:06]} Kxh5 {[%clk 00:07:10]} {[%emt 00:00:06]} 61. Kf3 {[%clk 00:02:55]}
{[%emt 00:00:03]} f6 {[%clk 00:07:29]} {[%emt 00:00:11]} 62. Ke4 {[%clk
00:02:58]} {[%emt 00:00:27]} Kg4 {[%clk 00:07:54]} {[%emt 00:00:05]} 63. Ke3
{[%clk 00:03:24]} {[%emt 00:00:04]} h5 {[%clk 00:08:17]} {[%emt 00:00:08]} 64.
Kf2 {[%clk 00:03:45]} {[%emt 00:00:08]} Kf4 {[%clk 00:08:03]} {[%emt 00:00:43]}
65. Kg2 {[%clk 00:04:09]} {[%emt 00:00:07]} Ke3 {[%clk 00:08:23]} {[%emt
00:00:08]} 66. Kf1 {[%clk 00:04:28]} {[%emt 00:00:13]} f5 {[%clk 00:08:40]}
{[%emt 00:00:12]} 67. Kg2 {[%clk 00:04:55]} {[%emt 00:00:04]} f4 {[%clk
00:08:50]} {[%emt 00:00:19]} 68. Kf1 {[%clk 00:05:15]} {[%emt 00:00:11]} Kf3
{[%clk 00:08:53]} {[%emt 00:00:27]} 69. Kg1 {[%clk 00:05:30]} {[%emt 00:00:15]}
Ke2 {[%clk 00:09:12]} {[%emt 00:00:10]} 70. Kg2 {[%clk 00:05:56]} {[%emt
00:00:05]} f3 {[%clk 00:09:31]} {[%emt 00:00:10]} 71. Kg1 {[%clk 00:06:22]}
{[%emt 00:00:04]} f2+ {[%clk 00:09:51]} {[%emt 00:00:10]} 72. Kg2 {[%clk
00:06:46]} {[%emt 00:00:06]} f1=Q {[%clk 00:10:11]} {[%emt 00:00:10]} 0-1